01330nam a2200337 a 4500001001200000003000800012006001900020007001500039008004100054020001800095020001800113020001500131040002100146035002100167050002500188100002900213245010900242260004700351300001900398490006500417504005100482533015200533650001500685650001400700650002200714655002900736700002900765710001700794830005500811856012600866ebr10236833CaPaEBRm u cr cn|||||||||080903s2003 enka sb 001 0 eng d z9781859573815 z9781847351784 z1859573819 aCaPaEBRcCaPaEBR a(OCoLC)56057777914aTP156.E6bA53 2003eb1 aAnderson, Christopher D.10aEmulsion polymerisation and latex applicationsh[electronic resource] /cC.D. Anderson and E.S. Daniels. aShawbury, U.K. :bRapra Technology,c2003. a146 p. :bill.1 aRapra review reports. Report 160,x0889-3144 ;vv. 14, no. 4 aIncludes bibliographical references and index. aElectronic reproduction.bPalo Alto, Calif. :cebrary,d2011.nAvailable via World Wide Web.nAccess may be limited to ebrary affiliated libraries. 0aEmulsions. 0aPolymers. 0aLatex, Synthetic. 7aElectronic books.2local1 aDaniels, Eric S.,d1955-2 aebrary, Inc. 0aRapra review reports.nReport 160 ;vv. 14, no. 4.40uhttp://site.ebrary.com/lib/rucke/Doc?id=10236833zAn electronic book accessible through the World Wide Web; click to view